| 000 | 00621nam a2200193 a 4500 | ||
|---|---|---|---|
| 001 | 5369 | ||
| 003 | CDMR | ||
| 005 | 20151022114202.0 | ||
| 008 | 130130s1980||||||||||||||||||||||||||||d | ||
| 040 |
_aCDMR _bcat _cCDMR |
||
| 245 | 0 | _aOrganisations internationales et regionales de journalistes | |
| 260 |
_aPrague _c1980 _bOrganisation Internacionale des Journalistes |
||
| 300 | _a88 p. | ||
| 650 | 0 | 4 |
_94317 _aAssociacions, institucions, etc. _xDirectoris |
| 650 | 0 | 4 |
_9216 _aAssociacions de professionals i tècnics |
| 710 | 2 |
_92308 _aInternational Organisation of Journalists |
|
| 710 | 2 |
_91452 _aUnesco |
|
| 942 |
_cMON _2udc |
||
| 999 |
_c5369 _d5369 |
||